000 01246naa a22003497a 4500
001 BR7804705
003 BR-BrBNA
005 20240918174136.0
007 ta
008 230509b bl.||||| |||| 00| 0 por d
040 _aBR-BrBNA
_bpor
_cBiblioteca Nacional de Agricultura
041 _a(Pt)
072 _aF60
_b1930
_b1959
_b3575
_b3876
_bG514
090 _aF60 BR7804705
100 1 _aKuhn Neto, J.
100 1 _aMassoca, L.
111 1 _aEncontro sobre Pecuaria Leiteira
_cSao Carlos, SP (Brazil)
_d23 Apr 1978
245 1 _aGerminacao de capim coloniao e soja perene sob plantio direto [Panicum maximum; Glycine javanica; Fisiologia vegetal; Guararapes; Sao Paulo; Brasil]
260 3 _aSao Carlos, SP (Brasil):
_c1978.
500 _aAnais do Encontro sobre Pecuaria Leiteira Sao Carlos, SP (Brasil): 1978. p. 20-22 (BR7804705-AM)F60
650 _aFisiologia vegetal
650 _aCapim coloniao
650 _aSoja perene
650 _aSemente
650 _aHerbicida
650 _aGerminacao
650 _aGuararapes
650 _aSao Paulo
773 0 _tAnais do Encontro sobre Pecuaria Leiteira
_wF60 BR7804705
_gSao Carlos, SP (Brasil), 1978. p. 20-22
909 _a202404
_bLucia
_c55
_dLucia Elande
942 _cAM
_2AGRIS
999 _c309170
_d309170